000 00298nam a2200133Ia 4500
008 230818s1994 xx 000 0 und d
041 _aeng
100 _aCoward
245 _aWedding cakea
260 _bNew Holland Pub.
_c1994
300 _a80p
520 _aGeneral
999 _c852027
_d852027
650 _aFood Production